000 00905nam a2200193 i 4500
001 98695
003 ES-MaACL
005 20230906182342.0
007 t|
008 051020q19001999sp ||||1| spa d
100 1 _aEichhorst, Hermann.
_946809
245 1 0 _aTratado de patología interna y terapéutica
_b: escrito para médicos prácticos y alumnos /
_cpor Hermann Eichhorst ; traducida directamente del alemán por Luis Góngora.
250 _a2ª ed.
260 _aBarcelona :
_bEspasa,
_c[19-?]
300 _a4 v. ;
_c27 cm.
505 8 _aContiene: I. Enfermedades de los aparatos respiratorio y circulatorio -- II. Enfermedades de los aparatos digestivo, urinario y sexual -- III. Enfermedades del sistema nervioso de los músculos y de la piel -- IV. Enfermedades de la sangre y de la nutrición, y enfermedades infectivas
700 1 _aGóngora, Luis.
_958241
852 _aES-MaACL
_jB-10826-29
999 _c98695
_d98695